Premios Novartis en el Museo Nacional de Bellas Artes/ (Record no. 2473)

MARC details
000 -LEADER
campo de control de longitud fija 00669nam a22001937a 4500
003 - IDENTIFICADOR DE NÚMERO DE CONTROL
campo de control OSt
005 - FECHA Y HORA DE LA ÚLTIMA TRANSACCIÓN
campo de control 20221102185445.0
008 - DATOS DE LONGITUD FIJA--INFORMACIÓN GENERAL
campo de control de longitud fija 150522b xxu||||| |||| 00| 0 eng d
040 ## - FUENTE DE CATALOGACIÓN
Centro/agencia transcriptor Biblioteca Lado V
082 ## - NÚMERO DE LA CLASIFICACIÓN DECIMAL DEWEY
Número de clasificación 750
Número de ítem P949p
100 ## - ENTRADA PRINCIPAL--NOMBRE DE PERSONA
Nombre de persona Prieto,Susana
9 (RLIN) 2733
130 ## - ENTRADA PRINCIPAL--TÍTULO UNIFORME
Título uniforme Premios Novartis en el Museo Nacional de Bellas Artes
Lenguaje de la obra esp
245 ## - MENCIÓN DEL TÍTULO
Título Premios Novartis en el Museo Nacional de Bellas Artes/
260 ## - PUBLICACIÓN, DISTRIBUCIÓN, ETC.
Lugar de publicación, distribución, etc. Argentina
Nombre del editor, distribuidor, etc. Museo Nacional de Bellas Artes
Fecha de publicación, distribución, etc. 1997
300 ## - DESCRIPCIÓN FÍSICA
Extensión 140p.
Dimensiones 24x30cm
650 ## - PUNTO DE ACCESO ADICIONAL DE MATERIA--TÉRMINO DE MATERIA
Subdivisión general PREMIOS
-- ARTE
-- BELLAS ARTES
9 (RLIN) 2734
Fuente del encabezamiento o término Tesauro de Arte & Arquitectura
710 ## - ENTRADA AGREGADA--NOMBRE DE ENTIDAD CORPORATIVA
Nombre de entidad corporativa o nombre de jurisdicción como elemento de entrada Joan Duran
9 (RLIN) 2735
942 ## - ELEMENTOS DE ENTRADA SECUNDARIOS (KOHA)
Fuente del sistema de clasificación o colocación Clasificación Decimal Dewey
Tipo de ítem Koha Libros
Parte de la signatura que corresponde a la clasificación (Parte de la clasificación) 750
Parte de la signatura que identifica el ejemplar (Parte del ítem) P949p
Suprimir en OPAC No
Holdings
Estatus retirado Estado de pérdida Fuente del sistema de clasificación o colocación Estado de daño No para préstamo Biblioteca de origen Biblioteca actual Fecha de adquisición Número de inventario Total de préstamos Signatura topográfica completa Código de barras Visto por última vez Precio de reemplazo Tipo de ítem Koha
    Clasificación Decimal Dewey     Biblioteca LadoV Biblioteca LadoV 02/11/2022 003727   750 P949p 003727 02/11/2022 02/11/2022 Libros